Inteligentná analýza dát v prostredí energetiky

Salvato in:
Dettagli Bibliografici
Autore principale: Pomffyová, Miriama (Autore)
Altri autori: Rozinajová, Viera (Relatore della tesi)
Natura: Manoscritto Libro
Lingua:slovacco
Pubblicazione: 2018
Soggetti:
Accesso online:http://is.stuba.sk/zp/portal_zp.pl?podrobnosti=138111
Tags: Aggiungi Tag
Nessun Tag, puoi essere il primo ad aggiungerne!!

MARC

LEADER 00000ntm a22000003a 4500
001 stuzp70429
003 SK-STU
005 20190409155247.6
007 ta
008 150427s2015----xo-----f-mn---000-0-slo-d
040 |a STU  |b slo 
041 0 |a slo 
044 |a xo 
100 1 |a Pomffyová, Miriama  |u 070200  |k Z4  |4 aut  |U FIIT Fakulta informatiky a informačných technológií  |T FIIT Ústav informatiky, informačných systémov a softvérového inžinierstva  |X 72322  |U I200  |Y 179  |7 72322 
242 0 1 |a Intelligent data analysis in an environment of energetics  |y eng 
245 1 0 |a Inteligentná analýza dát v prostredí energetiky 
260 |c 2018 
300 |a 88 s., príl.,  |e CD-rom 
650 4 |a analýza časových radov  |2 slo 
650 4 |a zhlukovanie  |2 slo 
650 4 |a predikcia  |2 slo 
650 4 |a time series analysis  |2 eng 
650 4 |a clustering  |2 eng 
650 4 |a prediction  |2 eng 
700 1 |a Rozinajová, Viera  |u 070200  |k Z1  |4 ths  |U FIIT Fakulta informatiky a informačných technológií  |T FIIT Ústav informatiky, informačných systémov a softvérového inžinierstva  |X 110  |U I200  |Y 179  |7 110 
856 4 |u http://is.stuba.sk/zp/portal_zp.pl?podrobnosti=138111 
996 |b IZP20180248  |c I*DP93/18  |l II680  |s P  |a 0  |w stuzp70429_0001